Využívanie vybraných kultúrnych pamiatok na účely cestovného ruchu v Bratislavskom samosprávnom kraji diplomová práca

Salvato in:
Dettagli Bibliografici
Autore principale: Tajcnerová, Jana
Ente Autore: Obchodná fakulta EU. Katedra služieb a cestovného ruchu - zrušené
Altri autori: Litomerický, Juraj
Natura: Libro
Lingua:slovacco
Pubblicazione: Bratislava 2008
Tags: Aggiungi Tag
Nessun Tag, puoi essere il primo ad aggiungerne!!

MARC

LEADER 00000nam$a2200000$$$4500
001 0088039
005 20240201120808.0
041 0 |a slo 
044 |a SK 
245 1 0 |a Využívanie vybraných kultúrnych pamiatok na účely cestovného ruchu v Bratislavskom samosprávnom kraji  |b diplomová práca  |c Jana Tajcnerová ; škol. Juraj Litomerický 
264 1 |a Bratislava  |c 2008 
300 |a 92 s. 
100 1 |a Tajcnerová, Jana 
700 1 |a Litomerický, Juraj 
710 2 |a Obchodná fakulta EU. Katedra služieb a cestovného ruchu - zrušené